000 00304nam a22001217a 4500
082 _a510
_bSHA/M
100 _aSHARMA,R. D
245 _aMATHEMATICS XII VOL.1
246 _aMATHEMATICS XII VOL.1
_bMATHEMATICS XII VOL.1
260 _aNEW DELHI
_bDHANPAT RAI PUBLICATION
_c2008
300 _a1870
942 _cBK
999 _c8535
_d8535